000
00280nam a2200121 a 4500
008
101025s1967|||| d
100
1
_a
Minárik, Ivan
245
1
0
_a
Purpurový medveď
260
_b
Tatran
_a
Bratislava
_c
1967
020
_c
14,50
041
_a
slo
044
_a
xo
_c
SK
999
_c
12191
_d
12191